| 000 | 00485nam a2200169Ia 4500 | ||
|---|---|---|---|
| 999 |
_c16051 _d16051 |
||
| 003 | OSt | ||
| 005 | 20200606115846.0 | ||
| 008 | 190216s9999||||xx |||||||||||||| ||und|| | ||
| 040 | _cMESKC library | ||
| 082 |
_a891.434 _bSIN/R |
||
| 100 |
_aSinha, Tej _9211 |
||
| 245 | 0 |
_aRashtreey Antholan Aur Hindi Upanyas / _cTej Sinha |
|
| 260 |
_bRahul Prakasan, _aDelhi: _c2000. |
||
| 300 | _a244p | ||
| 650 | _aHindi | ||
| 942 |
_cBK _2ddc _h891.434 _iSIN/R _k891.434 _mSIN/R |
||